000 00618nam a2200217Ii 4500
003 JO-AjNU
008 230606s9999||||xx |||||||||||||| ||und||
017 _a1428/176
020 _a9960-9649-3-1
040 _aJO-AjNU
_beng
_erda
_cJO-AjNU
041 _aeng
050 1 4 _aBP134 2007
100 3 _aNaik,Zakir,
_eauthor
_93647
245 0 4 _aThe Qur,an & modern Science: Compatible or Incompatible
264 3 1 _aRiyaoh, 2007
300 _a80p
336 _atext
_btxt
_2rdacontent
337 _aunmediated
_bn
_2rdamedia
338 _avolume
_bnc
_2rdacarrier
650 4 _aQuran and Science - Quran - Miracie
_93648
999 _aE1902
_c1902
_d1902